| 000 | 00679nam a22001937a 4500 | ||
|---|---|---|---|
| 999 |
_c13369 _d13369 |
||
| 008 | 190308b ||||| |||| 00| 0 eng d | ||
| 020 | _a9788024627212 | ||
| 082 |
_22014 _aAV-EB 338.5 _bH677 |
||
| 100 |
_aHlavácek,Jirí. _937350 |
||
| 245 |
_aGeneralized Microeconomics _cJirí Hlavácek and Michal Hlavácek |
||
| 260 |
_bCharles University in Prague, Karolinum Press, _c©2014. |
||
| 300 | _a207 pages; | ||
| 500 | _aIncludes index. | ||
| 650 |
_aMicroeconomics. _937351 |
||
| 700 |
_aHlavácek,Jirí. _937350 |
||
| 700 |
_aHlavácek, Michal. _937352 |
||
| 856 | _yhttps://ebookcentral.proquest.com/lib/uniofmindanao-ebooks/detail.action?docID=1996760 | ||
| 942 |
_2ddc _cEB |
||